000 00609nam a2200193Ii 4500
003 JO-AjNU
008 230605s9999||||xx |||||||||||||| ||und||
040 _aJO-AjNU
_bara
_erda
_cJO-AjNU
041 _aara
050 1 4 _aQC.176.H367 2004
100 3 _aحسن ، مناف عبد,
_eauthor
_97522
245 0 0 _aفيزياء الحالة الصلبة
264 3 1 _aعمان: دار الصفاء للنشر، 2004
300 _a222ص
336 _atext
_btxt
_2rdacontent
337 _aunmediated
_bn
_2rdamedia
338 _avolume
_bnc
_2rdacarrier
650 4 _a فيزياء الأجسام الصلبة
_97523
999 _aA322
_c3890
_d3890